00357nam a2200133Ia 4500008004100000041000800041082001400049100002200063245004500085250001400130260003900144300003100183365000900214240624s9999 xx 000 0 und d aeng a155.9 LOV aLOVALLO WILLIAM R aSTRESS AND HEALTH BIOLOGICAL AND PSYCHOL a(2nd ed.) c2005aNew DelhibSage Publications axiv, : 279 : p. : cm. ; 22 cb30